Ценообразование: учебное пособие

Bibliografske podrobnosti
Drugi avtorji: Тактаров Г. А. Герман Александрович (редактор), Григорьева Е. М. Елена Михайловна, Асейнов С. А. Саяр Ахмедович, Набиеа Р. А., Петров М. А.
Izvleček:Изложены основные положения теории рыночного и планового ценообразования, механизм формирования и отнесения цены товаров на издержки производства, ценовая политика и стратегия предприятия. Даны примеры расчетов установления цен, в том числе экономические. Рассматривается методы тарифного ценообразования. Во втором издании учтены современные подходы к ценообразованию, а также новые законодательные акты в области ценообразования, налогообложения и тарифного регулирования (1-е изд. — 2003 г.). Для студентов, обучающихся по специальности «Финансы и кредит», а также практических работников.
Jezik:ruščina
Izdano: Москва, Финансы и статистика, 2008
Izdaja:2-е изд., перераб. и доп.
Teme:
Format: MixedMaterials Knjiga
KOHA link:https://koha.lib.tpu.ru/cgi-bin/koha/opac-detail.pl?biblionumber=159324

MARC

LEADER 00000nam0a2200000 4500
001 159324
005 20231101222112.0
010 |a 9785160034836 
010 |a 978-5-279-03282-2 
035 |a (RuTPU)RU\TPU\book\172795 
035 |a RU\TPU\book\105349 
090 |a 159324 
100 |a 20060615d2008 m y0rusy50 ca 
101 0 |a rus 
102 |a RU 
105 |a a j 001zy 
200 1 |a Ценообразование  |e учебное пособие  |f Г. А. Тактаров [и др.]  |g под ред. Г. А. Тактарова 
205 |a 2-е изд., перераб. и доп. 
210 |a Москва  |c Финансы и статистика  |c Инфра-М  |d 2008 
215 |a 192 с.  |c ил. 
320 |a Библиография в конце книги. 
330 |a Изложены основные положения теории рыночного и планового ценообразования, механизм формирования и отнесения цены товаров на издержки производства, ценовая политика и стратегия предприятия. Даны примеры расчетов установления цен, в том числе экономические. Рассматривается методы тарифного ценообразования. Во втором издании учтены современные подходы к ценообразованию, а также новые законодательные акты в области ценообразования, налогообложения и тарифного регулирования (1-е изд. — 2003 г.). Для студентов, обучающихся по специальности «Финансы и кредит», а также практических работников. 
451 1 |0 (RuTPU)RU\TPU\book\54418  |y 5-279-02543-7  |t Ценообразование  |o учебное пособие  |f Г. А. Тактаров, С. А. Асейнов, Е. М. Григорьева и др.  |g Под ред. Г. А. Тактарова  |c М.  |n Финансы и статистика  |d 2003  |p 176 с. 
606 1 |a Цена и ценообразование  |2 stltpush  |3 (RuTPU)RU\TPU\subj\18111  |9 43632 
610 1 |a экономика 
610 1 |a цена 
610 1 |a финансы 
610 1 |a тарифы 
610 1 |a налоги 
610 1 |a государственная политика 
610 1 |a учебные пособия 
686 |a У9(2)0-861я73  |v LBC/SL-A  |2 rubbk 
701 1 |a Тактаров  |b Г. А.  |g Герман Александрович 
701 1 |a Григорьева  |b Е. М.  |g Елена Михайловна 
701 1 |a Асейнов  |b С. А.  |g Саяр Ахмедович 
701 1 |a Набиеа  |b Р. А. 
701 1 |a Петров  |b М. А. 
702 1 |a Тактаров  |b Г. А.  |g Герман Александрович  |4 340 
801 1 |a RU  |b 63413507  |c 20090507  |g PSBO 
801 2 |a RU  |b 63413507  |c 20150825  |g PSBO 
900 |a Ценообразование 
942 |c BK 
951 |b 080105 
959 |a 57/20090429  |d 2  |e 168,00  |f АНЛ:1  |f ЧЗГЛ:1